| 000 | 01314nam a2200229Ia 4500 | ||
|---|---|---|---|
| 003 | Ost | ||
| 005 | 20260507075121.0 | ||
| 008 | 260507s9999||||xx |||||||||||||| ||und|| | ||
| 020 | _a3160337977 | ||
| 040 | _cfsecg | ||
| 041 | _aara | ||
| 082 | _a658.4012 | ||
| 100 |
_aتوفيق، عبد الرحمن _eمؤلف |
||
| 245 | 0 |
_aمنهج الإدارة العليا : _bالإدارة الإستراتيجية المبادئ والأدوات / _c عبد الرحمن توفيق |
|
| 260 |
_aالقاهرة: _bمركز الخبرات المهنية للإدارة بميك, _c2004 |
||
| 300 |
_a101 صفحة؛ _bإيضاحات ؛ _c25 سم |
||
| 490 |
_aسلسلة التنمية الإدارية الذاتية _v56 |
||
| 520 | _aالمصطلحات الاساسية- الإطار العام للإدارة الإستراتيجية- الأهداف- استراتيجية المنشأ- استقصاء تحليل الإستراتيجيات- استقصاء تحليل العمليات الإستراتيجية- أساليب التنبؤ وتحديدات الأوليات- معايير اختيار الإستراتيجية- التغيير الإستراتيجي ومقاومة التغيير- التخطيط | ||
| 653 | _aالإدارة | ||
| 653 | _aالإدارة الإستراتيجية | ||
| 942 | _cكتاب | ||
| 999 |
_c43084 _d43084 |
||